000 01602nam a2200253Ia 4500
008 260220t2002||||xx |||||||||||||| ||spa||
020 _a8484508781
040 _aPY-SlUNAC
_bspa
_erda
041 _aspa
082 _a833
_bB515c
100 _aBerling, Peter
_eAutor
245 0 _aLa condesa hereje /
_cpor Peter Berling [Autor]
264 _aBarcelona :
_bNovoprint,
_c℗2002.
300 _a1 volumen
520 _a"La condesa hereje" de Peter Berling es una novela histórica que se sitúa en el contexto de la Europa del siglo XVI, explorando la vida de la condesa Elisabeth von Báthory, una figura controvertida y enigmática conocida por su supuesta sed de sangre. La obra se adentra en los oscuros rincones de la psique humana, entrelazando hechos históricos con elementos de ficción para ofrecer una visión compleja de la condesa, quien se convierte en un símbolo de la lucha entre la razón y la locura. A través de una narrativa rica en descripciones y matices, Berling examina las relaciones de poder, la opresión de las mujeres y la manipulación política de la época, mientras retrata a Elisabeth como víctima y perpetradora. La novela invita al lector a cuestionar la moralidad y la percepción de la historia, presentando una crítica a la sociedad que permite que la leyenda de la condesa perdure a lo largo de los siglos.
653 _aBiografía
653 _aHistoria
653 _aLiteratura
942 _b2026/02/17
_cBK
999 _c9096
_d9096